<?xml version="1.0" encoding="UTF-8"?>
<record
    xmlns:xsi="http://www.w3.org/2001/XMLSchema-instance"
    xsi:schemaLocation="http://www.loc.gov/MARC21/slim http://www.loc.gov/standards/marcxml/schema/MARC21slim.xsd"
    xmlns="http://www.loc.gov/MARC21/slim">

  <leader>02120nam a2200385 i 4500</leader>
  <controlfield tag="001">768714001</controlfield>
  <controlfield tag="003">CO-MdFUSB</controlfield>
  <controlfield tag="005">20260413151421.0</controlfield>
  <controlfield tag="007">ta</controlfield>
  <controlfield tag="008">250916t2008    -us |||g |||| 00| 0 eng d</controlfield>
  <datafield tag="020" ind1=" " ind2=" ">
    <subfield code="a">978-1-59979-312-2</subfield>
  </datafield>
  <datafield tag="040" ind1=" " ind2=" ">
    <subfield code="a">CO-MdFUSB</subfield>
    <subfield code="b">spa</subfield>
    <subfield code="c">CO-MdFUSB</subfield>
    <subfield code="d">CO-MdFUSBC</subfield>
    <subfield code="e">rda</subfield>
  </datafield>
  <datafield tag="041" ind1=" " ind2=" ">
    <subfield code="a">eng</subfield>
  </datafield>
  <datafield tag="082" ind1=" " ind2=" ">
    <subfield code="2">23</subfield>
    <subfield code="a">248.4</subfield>
    <subfield code="b">B53</subfield>
  </datafield>
  <datafield tag="100" ind1=" " ind2=" ">
    <subfield code="a">Bickle, Mike, </subfield>
    <subfield code="d">1955- &#x200E; </subfield>
    <subfield code="e">autor</subfield>
  </datafield>
  <datafield tag="245" ind1=" " ind2=" ">
    <subfield code="a">Growing in the Prophetic : </subfield>
    <subfield code="b">a practical, Bbiblical guide to dreams, visions, and spiritual gifts</subfield>
    <subfield code="c">/ Mike Bickle</subfield>
  </datafield>
  <datafield tag="264" ind1=" " ind2="1">
    <subfield code="a">Florida , Estados Unidos : </subfield>
    <subfield code="b">Charisma House, </subfield>
    <subfield code="c">[2008]</subfield>
  </datafield>
  <datafield tag="264" ind1=" " ind2="4">
    <subfield code="c">&#xA9;2008</subfield>
  </datafield>
  <datafield tag="300" ind1=" " ind2=" ">
    <subfield code="a">235 p&#xE1;ginas</subfield>
    <subfield code="c">; 23 cm</subfield>
  </datafield>
  <datafield tag="336" ind1=" " ind2=" ">
    <subfield code="2">rdacontent</subfield>
    <subfield code="a">texto</subfield>
    <subfield code="b">txt</subfield>
  </datafield>
  <datafield tag="337" ind1=" " ind2=" ">
    <subfield code="2">rdamedia</subfield>
    <subfield code="a">sin mediaci&#xF3;n</subfield>
    <subfield code="b">n</subfield>
  </datafield>
  <datafield tag="338" ind1=" " ind2=" ">
    <subfield code="2">rdacarrier</subfield>
    <subfield code="a">volumen</subfield>
    <subfield code="b">nc</subfield>
  </datafield>
  <datafield tag="500" ind1=" " ind2=" ">
    <subfield code="a">Tabla de contenido traducida por agencia catalogadora</subfield>
  </datafield>
  <datafield tag="505" ind1=" " ind2=" ">
    <subfield code="a">Ha habido un terrible error. -- Confirmando profec&#xED;as a trav&#xE9;s de los actos de Dios en la naturaleza. -- Administraci&#xF3;n prof&#xE9;tica: Revelaci&#xF3;n, interpretaci&#xF3;n y aplicaci&#xF3;n. -- Panorama del ministerio prof&#xE9;tico. -- La diferencia entre el don de profec&#xED;a y ser profeta. -- Mujeres en el ejercicio del ministerio prof&#xE9;tico. -- Siete dimensiones de la iglesia prof&#xE9;tica. -- El gran avivamiento que viene. -- Contendiendo por la plenitud de la unci&#xF3;n prof&#xE9;tica. -- Falsas ecuaciones sobre los dones prof&#xE9;ticos. -- Dios ofende la mente para revelar el coraz&#xF3;n. -- Pastores y profetas: llev&#xE1;ndose bien en el reino. -- Or&#xED;genes del llamado prof&#xE9;tico. -- Encarnando el mensaje prof&#xE9;tico. -- Formas pr&#xE1;cticas de crecer en lo prof&#xE9;tico. -- La palabra prof&#xE9;tica en la adoraci&#xF3;n p&#xFA;blica. -- El canto prof&#xE9;tico del Se&#xF1;or. -- Manifestaciones del Esp&#xED;ritu Santo. -- La estrategia del silencio de Dios.</subfield>
  </datafield>
  <datafield tag="563" ind1=" " ind2=" ">
    <subfield code="a">r&#xFA;stico</subfield>
  </datafield>
  <datafield tag="653" ind1=" " ind2=" ">
    <subfield code="a">Dones espirituales</subfield>
  </datafield>
  <datafield tag="653" ind1=" " ind2=" ">
    <subfield code="a">Crecimiento espiritual</subfield>
  </datafield>
  <datafield tag="653" ind1=" " ind2=" ">
    <subfield code="a">Profecia </subfield>
  </datafield>
  <datafield tag="653" ind1=" " ind2=" ">
    <subfield code="a">Espiritualidad cristiana</subfield>
  </datafield>
  <datafield tag="653" ind1=" " ind2=" ">
    <subfield code="a"> Iglesia &#x2014; Ministerio espiritual</subfield>
  </datafield>
  <datafield tag="653" ind1=" " ind2=" ">
    <subfield code="a">Esp&#xED;ritu Santo &#x2014; Dones</subfield>
  </datafield>
  <datafield tag="942" ind1=" " ind2=" ">
    <subfield code="c">BK</subfield>
  </datafield>
  <datafield tag="945" ind1=" " ind2=" ">
    <subfield code="a">Estudiante Juan Eusse</subfield>
  </datafield>
  <datafield tag="952" ind1=" " ind2=" ">
    <subfield code="0">0</subfield>
    <subfield code="1">0</subfield>
    <subfield code="2">ddc</subfield>
    <subfield code="4">0</subfield>
    <subfield code="7">0</subfield>
    <subfield code="8">GEN</subfield>
    <subfield code="a">FUSBC</subfield>
    <subfield code="b">FUSBC</subfield>
    <subfield code="d">2025-09-16</subfield>
    <subfield code="l">0</subfield>
    <subfield code="o">G 248.4 B53g</subfield>
    <subfield code="p">25782</subfield>
    <subfield code="r">2025-09-16 00:00:00</subfield>
    <subfield code="t">Ej. 1</subfield>
    <subfield code="w">2025-09-16</subfield>
    <subfield code="y">BK</subfield>
    <subfield code="k">26</subfield>
  </datafield>
  <datafield tag="999" ind1=" " ind2=" ">
    <subfield code="c">71441</subfield>
    <subfield code="d">71441</subfield>
  </datafield>
</record>
